000 00264nam a22001097a 4500
008 170120b xxu||||| |||| 00| 0 eng d
020 _a9780803613621
041 _aeng
080 _a618.2
245 _aNURSING LEADERSHIP AND MANAGEMENT
_cJONES, R.A
942 _2udc
_cBK
999 _c3274
_d3274